| 000 | 00719nam a2200229 a 4500 | ||
|---|---|---|---|
| 001 | 746 | ||
| 003 | BR-CuiBMT | ||
| 005 | 20231116141554.0 | ||
| 008 | 231116s2010 rjb 000 0 por d | ||
| 020 | _a9788530932909 | ||
| 040 |
_aBR-CuiBMT _cBR-CuiBMT |
||
| 080 |
_22007 _a340.132.6:352 |
||
| 090 |
_a340.132.6:352 _bA447n |
||
| 100 | 1 | _aAlmeida Neto, Manoel Carlos de | |
| 245 | 1 | 2 |
_aO novo controle de constitucionalidade municipal / _cManoel Carlos de Almeida Neto. |
| 260 |
_aRio de Janeiro : _bForense, _cc2011 |
||
| 300 |
_a224 p. ; _c23 cm |
||
| 504 | _aInclui bibliografia. | ||
| 650 |
_aControle de constitucionalidade _xAdministração municipal |
||
| 650 |
_aDireito municipal _zBrasil |
||
| 942 |
_2udc _cLV |
||
| 999 |
_c746 _d746 |
||